[Event "ACCENTUS Turnier Biel"]
[Site "?"]
[Date "2004.??.??"]
[Round "3"]
[White "Repkova, Eva"]
[Black "Seps, Monika"]
[Result "1-0"]
[WhiteElo "2411"]
[BlackElo "2095"]
[PlyCount "117"]
[EventDate "2004.??.??"]

1. e4 c5 2. b3 b6 3. d4 cxd4 4. Qxd4 Bb7 5. Nf3 Nc6 6. Qd2 e6 7. Nc3 Nf6 8. a3
a6 9. e5 Ng4 10. Qf4 f5 11. h3 Nh6 12. Bb2 Qc7 13. Bd3 Nf7 14. Nd1 O-O-O 15.
Ne3 g5 16. Qh2 Rg8 17. O-O-O h6 18. Bxf5 exf5 19. Nd5 Qb8 20. Nxb6+ Kc7 21.
Nd5+ Kc8 22. e6 Bd6 23. exd7+ Rxd7 24. Nb6+ Kc7 25. Nxd7 Bxh2 26. Nxb8 Bf4+ 27.
Kb1 Rxb8 28. Rhe1 Rd8 29. Rxd8 Nfxd8 30. Bg7 g4 31. Nh4 gxh3 32. gxh3 Bc8 33.
Ng6 Bd6 34. Bxh6 Bxa3 35. Nf4 Bc5 36. Nd5+ Kb7 37. f3 Nf7 38. Bf4 Nd4 39. b4
Bf8 40. Re3 Ne6 41. Bh2 Kc6 42. c4 Nd6 43. Rc3 Bb7 44. Be5 Nf7 45. Bf6 Bd6 46.
Re3 Nc7 47. Nxc7 Bxc7 48. Re7 Nd6 49. Be5 Bc8 50. Rxc7+ Kxc7 51. c5 f4 52. h4
Bb7 53. h5 Bxf3 54. h6 Be4+ 55. Kc1 Kd7 56. cxd6 f3 57. Kd2 Bf5 58. Ke3 Kc6 59.
Kxf3 1-0

[Event "ACCENTUS Turnier Biel"]
[Site "?"]
[Date "2004.??.??"]
[Round "8"]
[White "Seps, Monika"]
[Black "Repkova, Eva"]
[Result "0-1"]
[WhiteElo "2095"]
[BlackElo "2411"]
[PlyCount "78"]
[EventDate "2004.??.??"]

1. e4 d5 2. exd5 Qxd5 3. Nc3 Qa5 4. d4 c6 5. Nf3 Nf6 6. Ne5 Be6 7. Bc4 Bxc4 8.
Nxc4 Qf5 9. O-O Nbd7 10. Re1 e6 11. Ne5 h5 12. h3 Bd6 13. Nxd7 Kxd7 14. Qe2
Rad8 15. Bd2 Qxc2 16. b4 a6 17. Rab1 Qf5 18. a4 b5 19. Ra1 Ra8 20. axb5 axb5
21. d5 Nxd5 22. Ne4 Bc7 23. Nc5+ Ke7 24. Qd1 Rhc8 25. Qc1 Nf4 26. Rxa8 Rxa8 27.
Qc3 Ra2 28. Ne4 Qe5 29. Qe3 Ng6 30. g3 h4 31. Bc3 Qd5 32. Bxg7 hxg3 33. Bf6+
Ke8 34. fxg3 Bb8 35. Bd4 Qf5 36. Nf6+ Ke7 37. Bc5+ Kxf6 38. Rf1 Nf4 39. gxf4
Qg6+ 0-1